[Event "Val de Marne-ch"]
[Site "Maisons Alfort"]
[Date "2015.02.08"]
[Round "4"]
[White "Khichane, Madjid"]
[Black "Note, Frederic"]
[Result "0-1"]
[WhiteElo "1601"]
[BlackElo "1980"]
[PlyCount "46"]
[EventDate "2015.02.07"]
[EventType "swiss"]
[EventRounds "5"]
[EventCountry "FRA"]
[SourceTitle "EXT 2016"]
[Source "ChessBase"]
[SourceDate "2015.10.08"]
[SourceVersion "1"]
[SourceVersionDate "2015.10.08"]
[SourceQuality "1"]

1. e4 e5 2. Nf3 Nc6 3. Bb5 a6 4. Ba4 Nf6 5. 0-0 Nxe4 6. Re1 Nc5 7. Bxc6 dxc6 8. Nxe5 Ne6 9. Qf3 Qf6 10. Qe4 Bc5 11. Ng4 Qg6 12. Qc4 0-0 13. Ne5 Qf5 14. Nf3 b5 15. Qc3 Ng5 16. Re5 Nxf3+ 17. gxf3 Qg6+ 18. Kf1 Bh3+ 19. Ke2 Bd6 20. Re4 Qg1 21. Na3 b4 22. Nc4 Qf1+ 23. Ke3 Qe1+ 0-1